|
|
|
|
| LEADER |
00000nam a2200000 a 4500 |
| 001 |
UCK8366 |
| 003 |
CL-VaPUC |
| 005 |
20240923110455.0 |
| 008 |
060317e20040000SP |||||||||||||||||spa|d |
| 999 |
|
|
|c 316029
|d 316027
|
| 020 |
|
|
|a 8428213534
|
| 040 |
|
|
|c Pontificia Universidad Católica de Valparaíso
|
| 082 |
0 |
4 |
|a 581 STR 2004
|2 21
|
| 100 |
0 |
|
|a Strasburger, Eduard
|9 498120
|
| 245 |
1 |
0 |
|a Tratado de Botánica
|
| 250 |
|
|
|a Trigésimo quinta edición
|
| 260 |
|
|
|a Barcelona
|b Omega
|c 2004
|
| 300 |
|
|
|a 1134 páginas
|
| 583 |
|
|
|a last modification
|c 20060317 00:00:00
|k Rodrigo Vera
|
| 650 |
|
0 |
|a Botánica
|9 264202
|
| 650 |
|
0 |
|a Morfología vegetal
|9 261628
|
| 650 |
|
0 |
|a Anatomía vegetal
|9 269541
|
| 650 |
|
0 |
|a Fisiología vegetal
|9 260158
|
| 650 |
|
0 |
|a Genética vegetal
|9 264341
|
| 650 |
|
0 |
|a Reproducción vegetal
|9 360269
|
| 650 |
|
0 |
|a Crecimiento vegetal
|9 359570
|
| 700 |
0 |
|
|a Noll, Federico
|9 498121
|
| 700 |
0 |
|
|a Schenck, Hilbert
|9 498122
|
| 700 |
0 |
|
|a Schimper, A. F. W
|9 498123
|
| 942 |
|
|
|c BK
|2 ddc
|
| 945 |
|
|
|d 20060317 00:00:00
|a cmena
|
| 952 |
|
|
|0 0
|1 0
|2 ddc
|4 0
|6 581_000000000000000_STR_2004
|7 0
|8 A
|9 390087
|a BIBCUR
|b BIBCUR
|d 2019-11-22
|i 4212851
|o 581 STR 2004
|p 4212851
|r 2025-04-22
|t 1
|w 2019-11-22
|y BK
|k BIO
|
| 952 |
|
|
|0 0
|1 0
|2 ddc
|4 0
|6 581_000000000000000_STR_2004
|7 0
|8 A
|9 390088
|a BIBCUR
|b BIBCUR
|d 2019-11-22
|i 421286K
|o 581 STR 2004
|p 421286K
|r 2025-04-22
|t 2
|w 2019-11-22
|y BK
|k BIO
|
| 952 |
|
|
|0 0
|1 0
|2 ddc
|4 0
|6 581_000000000000000_STR_2004
|7 0
|8 A
|9 390089
|a BIBCUR
|b BIBCUR
|d 2019-11-22
|i 4212878
|o 581 STR 2004
|p 4212878
|r 2025-04-22
|t 3
|w 2019-11-22
|y BK
|k BIO
|
| 952 |
|
|
|0 0
|1 0
|2 ddc
|4 0
|6 581_000000000000000_STR_2004
|7 0
|8 A
|9 390090
|a BIBCUR
|b BIBCUR
|d 2019-11-22
|i 4219481
|o 581 STR 2004
|p 4219481
|r 2025-04-22
|t 4
|w 2019-11-22
|y BK
|k BIO
|
| 952 |
|
|
|0 0
|1 0
|2 ddc
|4 0
|6 581_000000000000000_STR_2004
|7 0
|8 A
|9 390091
|a BIBCUR
|b BIBCUR
|d 2019-11-22
|i 421949K
|o 581 STR 2004
|p 421949K
|r 2025-04-22
|t 5
|w 2019-11-22
|y BK
|k BIO
|